| 000 | 00839nam a2200265Ia 4500 | ||
|---|---|---|---|
| 003 | OSt | ||
| 005 | 20220925193828.0 | ||
| 006 | a|||||r|||| 00| 0 | ||
| 007 | ta | ||
| 008 | 220923b |||||||| |||| 00| 0 eng d | ||
| 020 | _a052158809X | ||
| 037 | _cGeneral Book | ||
| 040 |
_aRTL _cRTL _beng |
||
| 041 |
_2eng _aeng |
||
| 082 | _aY73(Q5).55.N5, N7 | ||
| 100 |
_aRapaport Lynn _9249505 |
||
| 245 | 0 |
_aJews in Germany after the Holocaut _b Memory, Identity and Jewish-German relations |
|
| 260 |
_aCambridge _bCambridge University Press _c1997 |
||
| 300 |
_axi, 325p _ccm. |
||
| 490 | _aCambridge Cultural Social Studies | ||
| 500 | _aBibliography Chapterwise: P 294-317; Appendix: P 263-68 | ||
| 650 | _aHindus | ||
| 942 |
_hY73(Q5).55.N5, N7 _cGB _2CC |
||
| 999 |
_c527234 _d527234 |
||